| 000 | 01232nam a22003251 4500 | ||
|---|---|---|---|
| 001 | bslw10045337 | ||
| 005 | 20240305165649.0 | ||
| 006 | m o d | ||
| 007 | cr un ---uuuua | ||
| 008 | 230417s2006 ck a ob 000 0 spa d | ||
| 020 | _a9789586484343 | ||
| 035 | _a38235 | ||
| 040 |
_aUtOrBLW _beng _erda _cUtOrBLW |
||
| 050 | 4 |
_aHD31 _b.E88 2006 |
|
| 082 | 0 | 4 |
_a658 _223 |
| 100 | 1 |
_aEstupiñán Gaitán, Rodrigo, _eauthor. |
|
| 245 | 1 | 0 |
_aAdministración de riesgos E.R.M. y la auditoriía interna / _cRodrigo Estupiñán Gaitán ; con la colaboración de: Miguel Antonio Cano (q.e.p.d.) [and 3 others]. |
| 264 | 1 |
_aBogotá : _bEcoe Ediciones, _c2006. |
|
| 300 |
_a1 online resource (351 pages) : _billustrations |
||
| 336 |
_atext _btxt _2rdacontent |
||
| 337 |
_acomputer _bc _2rdamedia |
||
| 338 |
_aonline resource _bcr _2rdacarrier |
||
| 490 | 1 | _aColección ciencias administrativas. Contabilidad finanzas | |
| 504 | _aIncludes bibliographical references. | ||
| 650 | 0 | _aIndustrial management. | |
| 700 | 1 |
_aCano Castaño, Miguel Antonio, _econtributor. |
|
| 830 | 0 |
_aColección: Ciencias Administrativas. _pÁrea Contabilidad y Finanzas. |
|
| 856 | 4 | 0 | _uhttps://app.vlex.com/#/sources/38235 |
| 942 | _cRAA | ||
| 999 |
_c172631 _d172631 |
||